[Event "Titled Tue 1st Aug Early"]
[Site "chess.com INT"]
[Date "2023.08.01"]
[Round "5"]
[White "Dvirnyy, D."]
[Black "Ovetchkin, R."]
[Result "1-0"]
[WhiteElo "2521"]
[BlackElo "2518"]
[PlyCount "49"]
[EventDate "2023.08.01"]

1. Nf3 {Szilagyi,Gyorgy} d5 2. g3 Bg4 3. Bg2 Nd7 4. d4 c6 5. h3 Bh5 6. O-O e6 7. Nbd2 Ngf6 8. Re1 Be7 9. e4 O-O 10. c3 Qb8 $146 ({RR} 10... Bg6 11. exd5 cxd5 12. Ne5 Nxe5 13. dxe5 Nd7 14. Nb3 Qc7 15. f4 Rfd8 16. Be3 Nb6 17. Bd4 Na4 18. Qe2 Rac8 19. Rad1 ({RR} 19. Bxa7 b6 20. Qa6 Qd7) 19... b6 20. Nc1 Nc5 21. Qe3 Be4 22. Bf1 f5 23. Nd3 Kh8 24. Nf2 Rg8 25. h4 {Sajtar,J-Szilagyi,G Warsaw 1956 EXT 2006 [Szilagyi,Gyorgy] 0-1 (56)} ({RR} 25. Nxe4 Nxe4 26. Bg2)) 11. a4 a5 12. Qb3 Bg6 13. exd5 cxd5 14. Bf1 Bd6 15. Qd1 Ne4 16. Nxe4 Bxe4 17. Ng5 Bxg3 18. Nxe4 Bh2+ 19. Kh1 dxe4 20. Rxe4 Nf6 21. Rh4 Bd6 22. Bd3 g6 23. Qf3 Qd8 24. Bg5 Be7 25. Rg1 1-0

[Event "Titled Tue 1st Aug Early"]
[Site "chess.com INT"]
[Date "2023.08.01"]
[Round "9"]
[White "Naroditsky, D."]
[Black "Rustemov, A."]
[Result "1-0"]
[WhiteElo "2619"]
[BlackElo "2525"]
[PlyCount "137"]
[EventDate "2023.08.01"]

1. Nf3 d5 2. e3 Nf6 3. c4 c6 4. Nc3 a6 5. Qc2 b5 ({RR} 5... e6 6. b3 c5 7. cxd5 exd5 8. d4 Nc6 9. dxc5 Bxc5 10. Bb2 O-O 11. Rd1 Nb4 12. Qb1 g6 13. Bd3 d4 14. Nxd4 Bxd4 15. exd4 Re8+ 16. Ne2 Nxd3+ 17. Qxd3 Bf5 18. Qd2 Rc8 19. Rc1 Rxc1+ 20. Bxc1 {Svidler,P (2765)-Eljanov,P (2711) Riadh 2017 ½-½ (82)}) 6. b3 Bg4 ({RR} 6... g6 7. Bb2 Bf5 8. Bd3 Bxd3 9. Qxd3 Bg7 10. cxd5 Nxd5 11. Nd1 O-O 12. Bxg7 Kxg7 13. Rc1 Qd6 14. Nc3 Nf6 15. Qxd6 exd6 16. d4 Nbd7 17. Ke2 Rfc8 18. Rhd1 Nb6 19. Nd2 Kf8 20. Nce4 Nxe4 21. Nxe4 {Gajewski,G (2561)-Polak,T (2518) Hannover GER 2024 ½-½ (51)}) 7. Ne5 e6 $146 ({RR} 7... Be6 8. Bb2 Qc7 9. cxd5 cxd5 10. Rc1 Nbd7 11. Bxb5 axb5 12. Nxb5 Qxc2 13. Rxc2 Nxe5 14. Nc7+ Kd8 15. Nxa8 Nd3+ 16. Ke2 Nxb2 17. Rxb2 Bc8 18. b4 Bb7 19. Nb6 e5 20. a4 Nd7 21. Nxd7 Kxd7 22. a5 {Komarov,D (2540)-Prie,E (2516) France 2007 0-1 (48)}) 8. Nxg4 Nxg4 9. Be2 Nf6 10. Bb2 Nbd7 11. O-O Bd6 12. d4 O-O 13. Rac1 Qe7 14. Bd3 Ba3 15. Bxa3 Qxa3 16. e4 dxc4 17. bxc4 e5 18. d5 b4 19. Nb1 Qa5 20. Nd2 Nc5 21. Nb3 Qb6 22. Kh1 a5 23. f4 Nfd7 24. Rb1 exf4 25. e5 Nxd3 26. Qxd3 Nxe5 27. Qe4 Rfe8 28. Qxf4 cxd5 29. cxd5 Rad8 30. Rbd1 a4 31. Nd2 Rxd5 32. Nc4 Qe6 33. Rxd5 Qxd5 34. Nxe5 Rxe5 35. Qxb4 Qc6 36. Qb8+ Re8 37. Qa7 Rf8 38. Qd4 h6 39. h3 Rc8 40. Qf4 Rf8 41. Qd4 a3 42. Rf2 Qe6 43. Qf4 Qd5 44. Kh2 Ra8 45. Qg3 Rd8 46. Qxa3 Qd6+ 47. Qxd6 Rxd6 48. a4 Ra6 49. Ra2 f5 50. Kg3 g5 51. Kf3 Kf7 52. Ke3 Ke6 53. Kd4 f4 54. Kc5 Kf5 55. a5 h5 56. Kb5 Ra8 57. a6 g4 58. hxg4+ hxg4 59. Kb6 f3 60. g3 Ke4 61. Ra4+ Ke3 62. Rxg4 Kf2 63. Kb7 Rh8 64. Rg7 Kg2 65. g4 Kg3 66. g5 f2 67. Rf7 Rg8 68. a7 Kg2 69. a8=Q 1-0

[Event "Titled Tue 1st Aug Late"]
[Site "chess.com INT"]
[Date "2023.08.01"]
[Round "9"]
[White "Carlsen, M."]
[Black "Matlakov, M."]
[Result "1-0"]
[WhiteElo "2835"]
[BlackElo "2677"]
[PlyCount "149"]
[EventDate "2023.08.01"]

1. g3 d5 2. Nf3 Nf6 3. Bg2 e6 4. O-O Be7 5. d3 O-O 6. Nbd2 a5 7. a4 Nc6 8. e4 dxe4 9. dxe4 e5 10. Nc4 Qxd1 11. Rxd1 Bg4 $146 ({RR} 11... Ng4 12. h3 Be6 13. Na3 Nf6 14. Nb5 Rfd8 15. Bg5 Rxd1+ 16. Rxd1 Rc8 17. h4 Bc5 18. Bxf6 gxf6 19. Rd2 Bb6 20. Kh2 Rd8 21. Rxd8+ Nxd8 22. Bh3 Kf8 23. Bxe6 Nxe6 24. Kg2 c6 25. Nc3 Bd4 26. Nd1 {Stukopin,A (2595)-Yu,Y (2737) Chicago 2016 ½-½ (33)}) 12. Be3 Nd7 13. c3 Rfd8 14. h4 Be6 15. Bf1 f6 16. Kg2 Nc5 17. Bxc5 Bxc5 18. Ncd2 Kf7 19. Bc4 b6 20. Kf1 Be7 21. h5 Nb8 22. Ne1 Nd7 23. Nd3 g6 24. Ke2 Nc5 25. Nxc5 Bxc5 26. Bxe6+ Kxe6 27. Nf3 Be7 28. Rxd8 Rxd8 29. hxg6 hxg6 30. Rh1 Rb8 31. Nd2 c6 32. Rh6 b5 33. axb5 cxb5 34. Rxg6 a4 35. Rh6 b4 36. Rh1 bxc3 37. bxc3 a3 38. Ra1 Bc5 39. Nc4 Ra8 40. f3 Rg8 41. g4 Ra8 42. Kd3 Ra7 43. Kc2 Ra8 44. Kb3 Rb8+ 45. Ka2 Rc8 46. Rc1 Rb8 47. Rc2 Rd8 48. Rd2 Rh8 49. Na5 Rc8 50. Rd3 Be7 51. Nb3 Bd6 52. Nd2 Be7 53. Nb1 Bc5 54. Rd5 Bd6 55. Ra5 Rc7 56. Ra4 Ke7 57. c4 Rd7 58. Nxa3 Bxa3 59. Kxa3 Rd3+ 60. Kb4 Rxf3 61. Ra7+ Ke6 62. Ra6+ Ke7 63. Kb5 Rf4 64. Ra7+ Ke6 65. c5 Rxe4 66. c6 Re1 67. Ra8 Rb1+ 68. Kc5 Rc1+ 69. Kb6 Rb1+ 70. Kc7 e4 71. Re8+ Kd5 72. Kd7 Rc1 73. c7 Kd4 74. c8=Q Rc7+ 75. Qxc7 1-0

[Event "Titled Tue 1st Aug Late"]
[Site "chess.com INT"]
[Date "2023.08.01"]
[Round "10"]
[White "Mekhitarian, K."]
[Black "Hakobyan, Aram"]
[Result "1-0"]
[WhiteElo "2540"]
[BlackElo "2612"]
[PlyCount "89"]
[EventDate "2023.08.01"]

1. Nf3 h5 2. e4 Nf6 $146 ({RR} 2... c6 3. c4 d6 4. d4 Nd7 5. Nc3 e5 6. Be2 h4 7. h3 g6 8. Bg5 Qb6 9. Qd2 exd4 10. Nxd4 Bg7 11. Be3 Nc5 12. O-O a5 13. Kh1 Nf6 14. Bf3 Nfd7 15. Rad1 Ne5 16. Be2 Qa6 17. b3 {Quirke,J (2048)-Prieto Aranguren,A (2247) Chess.com INT 2022 0-1 (35)}) ({RR} 2... g6 3. d4 Bg7 4. Nc3 d6 5. Be3 Bg4 6. h3 Bxf3 7. Qxf3 e6 8. e5 d5 9. Bd3 a6 10. Ne2 c5 11. c3 Ne7 12. g4 Nbc6 13. Kf1 Qb6 14. Rb1 cxd4 15. cxd4 Nb4 16. Nc1 Nec6 17. g5 {Mekhitarian,K (2548)-Firouzja,A (2728) Chess.com INT 2020 0-1 (49)}) ({RR} 2... c5 3. c3 d5 4. exd5 Qxd5 5. d4 Nc6 6. Be3 cxd4 7. cxd4 e5 8. Nc3 Bb4 9. Nxe5 Nxe5 10. dxe5 Qa5 11. Be2 Ne7 12. O-O Bxc3 13. bxc3 Be6 14. Rb1 Rd8 15. Bb5+ Nc6 16. Qa4 Qxa4 17. Bxa4 {Brady,S (2258)-Culbeaux Tello,O (2098) Dublin IRL 2024 1-0 (35)}) 3. e5 Ng4 4. d4 d6 5. h3 Nh6 6. Nc3 Nf5 7. Bc4 e6 8. Qe2 Nc6 9. Be3 d5 10. Bd3 Nxe3 11. fxe3 g6 12. a3 Bg7 13. O-O-O a6 14. Kb1 b5 15. Rhf1 b4 16. Na4 bxa3 17. b3 Nb4 18. h4 Bh6 19. c3 Nxd3 20. Qxd3 Bd7 21. Nc5 Bb5 22. c4 dxc4 23. bxc4 Bc6 24. Ka2 Rb8 25. Nxe6 Rb2+ 26. Ka1 Qb8 27. Qxa3 Rb3 28. Nxc7+ Kd8 29. Qd6+ Kc8 30. Nd5 Qxd6 31. exd6 Bxd5 32. cxd5 Bxe3 33. Ne5 f5 34. Rf3 Rd8 35. Ka2 Rc3 36. Kb2 Bxd4 37. Rxc3+ Bxc3+ 38. Kxc3 Rxd6 39. Kc4 a5 40. Ra1 Rb6 41. Rxa5 Rb2 42. Ra7 Rxg2 43. Nc6 Rd2 44. Kc5 Rc2+ 45. Kd6 1-0

[Event "Titled Tue 8th Aug Early"]
[Site "chess.com INT"]
[Date "2023.08.08"]
[Round "5"]
[White "Fedoseev, Vl3"]
[Black "Zakhartsov, Vl"]
[Result "1-0"]
[WhiteElo "2676"]
[BlackElo "2525"]
[PlyCount "77"]
[EventDate "2023.08.08"]

1. Nf3 d5 2. g3 Nd7 3. Bg2 e5 4. d3 Ngf6 5. O-O c6 6. Nc3 Bd6 7. e4 O-O 8. Nh4 dxe4 9. Nf5 ({RR} 9. Nxe4 Nxe4 10. dxe4 Nf6 11. Nf5 Bc5 12. Bg5 Bxf5 13. exf5 Qxd1 14. Raxd1 Rfd8 15. Bxf6 gxf6 16. c3 a5 17. Bf3 a4 18. Rxd8+ Rxd8 19. Rd1 Rxd1+ 20. Bxd1 a3 21. b4 Bb6 22. Kf1 Kf8 23. Ke2 Ke7 {Hiwale,R (2093)-Wadsworth,M (2473) chess.com INT 2025 ½-½ (33)}) 9... Bc7 10. dxe4 Nc5 11. Qf3 Ne6 $146 ({RR} 11... Bxf5 12. Qxf5 Ne6 13. Ne2 Qe7 14. Be3 Rfd8 15. Rae1 g6 16. Qh3 Ba5 17. c3 Bb6 18. Bh6 Nd7 19. Kh1 Ndc5 20. Nc1 Nd3 21. Nxd3 Rxd3 22. Qg4 Nc5 23. f4 Rd2 24. Re2 Rxe2 25. Qxe2 a5 26. f5 {Conquest,S (2495)-Haba,P (2475) Ostrava 1994 1-0 (41)}) 12. Ne2 Nc5 13. Nc3 Ne6 14. Rd1 Nd4 15. Nxd4 exd4 16. h3 h6 17. Bf4 c5 18. Nb5 Bxf4 19. Qxf4 Bd7 20. Nd6 Bc6 21. c3 Qb6 22. cxd4 cxd4 23. b3 Rad8 24. e5 Bxg2 25. Kxg2 Nh7 26. Qxd4 Qa6 27. h4 Rfe8 28. Qf4 Re7 29. Nf5 Red7 30. Rxd7 Rxd7 31. Rc1 b6 32. Nd6 Nf8 33. Qf5 g6 34. Qf4 Qa5 35. Rc8 Qd5+ 36. Kh2 Kg7 37. Qf6+ Kg8 38. Rxf8+ Kxf8 39. Qh8+ 1-0

[Event "Titled Tue 8th Aug Early"]
[Site "chess.com INT"]
[Date "2023.08.08"]
[Round "8"]
[White "Fedoseev, Vl3"]
[Black "Bernadskiy, V."]
[Result "1-0"]
[WhiteElo "2676"]
[BlackElo "2530"]
[PlyCount "139"]
[EventDate "2023.08.08"]

1. Nf3 Nf6 2. g3 b6 3. Bg2 Bb7 4. O-O e6 5. d3 Be7 6. e4 d5 7. e5 Nfd7 8. h4 c5 9. Re1 Nc6 10. Bf4 h6 11. h5 Nf8 $146 ({RR} 11... Qc7 12. Nc3 a6 13. Nxd5 exd5 14. e6 Qc8 15. Bh3 fxe6 16. Bxe6 Rf8 17. Ne5 Ncxe5 18. Rxe5 Rxf4 19. gxf4 Qc7 20. Bxd7+ Qxd7 21. Qe2 Kf8 22. Re1 Bf6 23. Re6 Bc6 24. Qg4 Rc8 25. Kf1 d4 26. Qg6 {Geveke,M-Kabisch,T Bad Lauterberg 1981 ½-½ (58)}) 12. c4 Qd7 13. cxd5 exd5 14. Nc3 Ne6 15. Bh3 d4 16. Ne4 Nb4 17. a3 Nd5 18. Bd2 O-O 19. Nh2 Qc6 20. Ng4 Kh8 21. f4 Rae8 22. f5 Ng5 23. f6 Nxh3+ 24. Kh2 gxf6 25. exf6 Nxf6 26. Ngxf6 Bxf6 27. Kxh3 Bg7 28. g4 f5 29. gxf5 Rxf5 30. Qg4 Ref8 31. Rg1 R8f7 32. Rg3 Qd5 33. Kh2 Rxh5+ 34. Kg1 Rhf5 35. Bxh6 Qe5 36. Ng5 Rf4 37. Nxf7+ Rxf7 38. Bxg7+ Rxg7 39. Qxg7+ Qxg7 40. Rxg7 Kxg7 41. b4 Ba6 42. bxc5 bxc5 43. Rc1 Bxd3 44. Rxc5 a6 45. Rd5 Kf7 46. Rxd4 Bb5 47. Re4 Kf6 48. Kf2 Kf5 49. Ke3 Bc6 50. Re7 Kf6 51. Ra7 Bb5 52. a4 Bf1 53. Kf2 Bd3 54. Rd7 Bc4 55. Rc7 Bd3 56. Ke3 Bf1 57. Rc1 Bg2 58. Rc2 Bd5 59. Kd4 Ke6 60. Kc5 Bb3 61. Re2+ Kd7 62. Kb4 Bd5 63. Kc5 Bb3 64. a5 Ba4 65. Kb6 Bb5 66. Re5 Kc8 67. Rh5 Bd3 68. Rc5+ Kb8 69. Rd5 Bf5 70. Rxf5 1-0

[Event "Titled Tue 8th Aug Early"]
[Site "chess.com INT"]
[Date "2023.08.08"]
[Round "9"]
[White "Mitrabha, G."]
[Black "Kramnik, V."]
[Result "1-0"]
[WhiteElo "2505"]
[BlackElo "2753"]
[PlyCount "105"]
[EventDate "2023.08.08"]

1. Nf3 c5 2. g3 Nf6 3. Bg2 g6 4. b3 Bg7 5. Bb2 O-O 6. c4 Nc6 7. O-O d6 8. d4 Ne4 9. Nbd2 Bf5 10. e3 cxd4 ({RR} 10... Qd7 11. Nh4 Nxd2 12. Qxd2 Bh3 13. dxc5 Bxb2 14. Qxb2 dxc5 15. Rad1 Qe6 16. Rd5 Rad8 17. Rfd1 Rd6 18. Rxd6 exd6 19. Bxh3 Qxh3 20. Rxd6 Re8 21. Qf6 Ne5 22. Nf3 Ng4 23. Qf4 b6 24. Rd7 Rf8 25. Rxf7 {Nihal,S (2620)-Vachier Lagrave,M (2784) Chess.com INT 2020 1-0 (36)}) 11. Nxd4 Nxd2 ({RR} 11... Nxd4 12. Bxd4 Bxd4 13. exd4 Nxd2 14. Qxd2 Rb8 15. a4 a5 16. Rfe1 Qc7 17. h4 h5 18. Re2 Rfe8 19. Rae1 e6 20. Bf3 b6 21. Kg2 Rbd8 22. Qg5 Qe7 23. Qxe7 Rxe7 24. Re3 Kg7 25. Be2 Kf6 26. f3 {Harsh,S (2414)-Kopylov,D (2435) chess.com INT 2025 1-0}) 12. Qxd2 Bd7 $146 ({RR} 12... Nxd4 13. exd4 Qd7 14. Rad1 Bh3 15. d5 Bxg2 16. Kxg2 b5 17. Bxg7 Kxg7 18. Qd4+ Kg8 19. Rfe1 Rfe8 20. Re4 bxc4 21. Qxc4 Rac8 22. Qe2 Qb7 23. h4 Rc5 24. Kh2 Kf8 25. Qd2 Kg7 26. h5 h6 27. hxg6 {Pajeken,J (2387)-Lu,J (2030) Chess.com INT 2021 1-0 (47)}) 13. Rac1 Rc8 14. Rfd1 a6 15. h4 Nxd4 16. Bxd4 Bc6 17. Bxg7 Kxg7 18. Qb2+ f6 19. Bh3 Bf3 20. Rd4 Rc5 21. b4 Re5 22. c5 d5 23. a4 g5 24. b5 axb5 25. axb5 Be4 26. hxg5 Rxg5 27. Bg2 Bxg2 28. Kxg2 e6 29. c6 bxc6 30. bxc6 Rf7 31. Rb4 d4 32. Rxd4 Qc8 33. Qb6 Qc7 34. Qxc7 Rxc7 35. Rb4 Kg6 36. Rb7 Rxb7 37. cxb7 Rb5 38. Rc7 h5 39. Kf3 Rb4 40. Ke2 Kf5 41. f3 e5 42. Re7 Rb3 43. Kd2 e4 44. fxe4+ Kg4 45. Kc2 Rb5 46. Rg7+ Kf3 47. Kd3 Rb4 48. Kc3 Rb6 49. Kd4 Rb5 50. Kc4 Rb1 51. Kd5 Kxe3 52. Re7 Rd1+ 53. Ke6 1-0

[Event "Titled Tue 8th Aug Early"]
[Site "chess.com INT"]
[Date "2023.08.08"]
[Round "11"]
[White "Kazakouski, Valery"]
[Black "Erigaisi, Arjun"]
[Result "1-0"]
[WhiteElo "2558"]
[BlackElo "2704"]
[PlyCount "65"]
[EventDate "2023.08.08"]

1. Nf3 d6 2. d4 g6 3. g3 Bg7 4. Bg2 Nc6 5. O-O Bd7 6. Re1 ({RR} 6. c4 Qc8 7. Nc3 Bh3 8. d5 Ne5 9. Nxe5 Bxe5 10. Be3 h5 11. f4 Bxc3 12. bxc3 h4 13. f5 Bxg2 14. Kxg2 gxf5 15. Bd4 Rh7 16. Qd3 hxg3 17. hxg3 Nh6 18. Rh1 e5 19. Be3 Qd7 20. Rxh6 Rxh6 {Caruana,F (2805)-Nihal,S (2669) chess.com INT 2024 0-1 (48)}) ({RR} 6. c4 Qc8 7. Re1 Bh3 8. Bh1 h5 9. Nc3 h4 10. Bf4 hxg3 11. Bxg3 Nh6 12. e4 Bg4 13. e5 Nf5 14. Qa4 O-O 15. Nd5 Bxf3 16. Bxf3 Nfxd4 17. Bg2 dxe5 18. Bxe5 Qg4 19. Bxg7 Kxg7 20. Qd1 Qxd1 {Serra Canals,O (2128)-Vaishali,R (2476) chess.com INT 2025 0-1 (52)}) 6... Qc8 7. c3 h5 $146 ({RR} 7... Bh3 8. Bh1 h5 9. Ng5 Bd7 10. Qb3 Nh6 11. Nd2 f6 12. Ngf3 Bh3 13. Qc2 Nf5 14. e4 Nh6 15. Nc4 Nf7 16. e5 Bf5 17. Qa4 d5 18. exf6 Bxf6 19. Ne3 Be4 20. Qb3 e6 21. Nf1 h4 22. Bf4 {Rist,J-Oberndoerfer,F Ulm 1995 1-0 (58)}) ({RR} 7... Bh3 8. Bh1 h5 9. Bg5 h4 10. e4 hxg3 11. hxg3 Qg4 12. Nbd2 Qh5 13. d5 Ne5 14. Nxe5 Bg4 15. Bf3 Bxe5 16. Be3 Nf6 17. Kf1 Qh3+ 18. Ke2 Bxf3+ 19. Nxf3 Qg4 20. Qa4+ Kf8 21. Qd1 Kg7 22. Kd2 {Kazakouski,V (2608)-Erigaisi,A (2748) chess.com INT 2024 0-1 (40)}) 8. Bg5 Bh3 9. e4 h4 10. Nxh4 Bxg2 11. Kxg2 f6 12. Be3 Kf7 13. d5 Ne5 14. f4 Nc4 15. Nd2 Nxe3+ 16. Rxe3 Nh6 17. f5 gxf5 18. Qh5+ Kg8 19. Nxf5 Qf8 20. Qg6 Qf7 21. Nxh6+ Rxh6 22. Qxf7+ Kxf7 23. Nf3 c5 24. Rf1 b5 25. e5 fxe5 26. Nxe5+ Ke8 27. Nc6 Bf6 28. Re6 Bg5 29. Re4 Kd7 30. Rf7 Re8 31. h4 Bf6 32. Re6 Bg7 33. Rexe7+ 1-0

[Event "Titled Tue 8th Aug Early"]
[Site "chess.com INT"]
[Date "2023.08.08"]
[Round "11"]
[White "Ibarra Jerez, JC."]
[Black "Akobian, V."]
[Result "1-0"]
[WhiteElo "2563"]
[BlackElo "2582"]
[PlyCount "93"]
[EventDate "2023.08.08"]

1. Nf3 Nf6 2. g3 b6 3. Bg2 Bb7 4. b3 g6 5. Bb2 Bg7 6. O-O O-O 7. c4 c5 8. d4 cxd4 9. Qxd4 d6 10. Rd1 Nbd7 11. Qc3 Nc5 12. Qe1 a6 13. Nc3 Rc8 14. Rac1 Qd7 $146 ({RR} 14... Qc7 15. Nh4 Bxg2 16. Nxg2 Qb7 17. Nf4 b5 18. cxb5 axb5 19. Ba1 Rfe8 20. Ncd5 Nce4 21. Nxf6+ Nxf6 22. Rxc8 Rxc8 23. Rc1 h5 24. h4 Ng4 25. Bxg7 Kxg7 26. Qd2 Qa7 27. Nd3 Rxc1+ 28. Qxc1 Qxa2 29. Qc3+ {Brancaleoni,M (2180)-Fiorito,F (2407) chess.com INT 2024 0-1 (42)}) 15. Ba1 Rfd8 16. b4 Nce4 17. Nxe4 Bxe4 18. c5 bxc5 19. bxc5 d5 20. Ne5 Qa4 21. f3 Bf5 22. g4 Be6 23. Bd4 Nd7 24. Qg3 Nxe5 25. Bxe5 Rxc5 26. Bxg7 Kxg7 27. Qe5+ Kg8 28. Rxc5 Qxd1+ 29. Kf2 d4 30. Qc7 Re8 31. Bf1 Qd2 32. Qa5 Qe3+ 33. Kg2 d3 34. exd3 Rb8 35. Rc2 Rb1 36. Qd2 Qd4 37. Qf2 Qd5 38. d4 Bxg4 39. Bc4 Qb7 40. d5 Bf5 41. Rd2 Rc1 42. Bb3 Qc8 43. d6 exd6 44. Rxd6 Qc7 45. Qd4 Be6 46. Rd8+ Qxd8 47. Qxd8+ 1-0

[Event "Titled Tue 8th Aug Late"]
[Site "chess.com INT"]
[Date "2023.08.08"]
[Round "4"]
[White "Fedoseev, Vl3"]
[Black "Ibarra Jerez, JC."]
[Result "1-0"]
[WhiteElo "2676"]
[BlackElo "2563"]
[PlyCount "83"]
[EventDate "2023.08.08"]

1. Nf3 d6 2. g3 e5 3. Bg2 f5 4. O-O Nf6 5. d3 Be7 6. c4 O-O 7. Nc3 Qe8 8. c5 Qh5 ({RR} 8... Kh8 9. cxd6 cxd6 10. Bg5 Be6 11. Rc1 Nc6 12. d4 Bg8 13. d5 Nb4 14. Nh4 Nfxd5 15. Nxd5 Nxd5 16. Bxe7 Nxe7 17. Qxd6 Nc6 18. Bxc6 bxc6 19. Qxc6 Bxa2 20. Qxe8 Raxe8 21. Rfd1 g6 22. Ra1 Bc4 23. Rxa7 {Grachev,B (2619)-Zvjaginsev,V (2614) Moscow 2021 ½-½}) ({RR} 8... Nc6 9. b4 Kh8 10. Rb1 Be6 11. b5 Nd8 12. Qa4 Nd5 13. Bd2 a6 14. cxd6 cxd6 15. Rfc1 Nxc3 16. Rxc3 Bd7 17. Rc7 Ne6 18. Rcc1 Bxb5 19. Qa5 e4 20. Ne1 Nd4 21. Bf1 Qh5 22. a4 Bc6 23. dxe4 {Albaric,E (2116)-Idani,P (2609) Cappelle la Grande FRA 2024 0-1}) 9. cxd6 cxd6 10. Ng5 Nc6 $146 ({RR} 10... f4 11. Qb3+ Kh8 12. Ne6 Ng4 13. h3 fxg3 14. fxg3 Rxf1+ 15. Bxf1 Qf7 16. hxg4 Qxe6 17. Bg2 Nc6 18. Qxe6 Bxe6 19. g5 Rd8 20. Bd2 d5 21. Rc1 Nd4 22. Kf1 Nf5 23. g4 Nh4 24. Bf3 Rf8 25. Ke1 {Mazurkiewicz,M (2215)-Kitir,A (2057) Fuengirola 2017 0-1 (62)}) 11. f4 h6 12. Qb3+ Kh8 13. Ne6 Nd4 14. Nxd4 exd4 15. Nd5 Nxd5 16. Bxd5 Qxe2 17. Bf3 Qe6 18. Qxe6 Bxe6 19. Re1 Rf6 20. b3 Bd8 21. Bxb7 Rb8 22. Bf3 Ba5 23. Re2 Bc3 24. Bb2 Bxb2 25. Rxb2 Rc8 26. Kf2 Rf7 27. Ke2 Rfc7 28. Kd2 Kg8 29. b4 Rc3 30. a4 Bb3 31. Rxb3 Rc2+ 32. Ke1 Rxh2 33. Rba3 Re8+ 34. Kf1 Re3 35. Bd5+ Kh7 36. R1a2 Rh3 37. Re2 Rexg3 38. b5 Rg4 39. a5 Rxf4+ 40. Rf2 Rg4 41. b6 axb6 42. a6 1-0

[Event "Titled Tue 8th Aug Late"]
[Site "chess.com INT"]
[Date "2023.08.08"]
[Round "6"]
[White "Mekhitarian, K."]
[Black "Holt, C."]
[Result "1-0"]
[WhiteElo "2540"]
[BlackElo "2540"]
[PlyCount "79"]
[EventDate "2023.08.08"]

1. Nf3 d5 2. c4 dxc4 3. e3 Be6 4. Nc3 Nf6 5. Nd4 Bd5 6. Nxd5 Qxd5 7. Qa4+ Nbd7 8. Qxc4 O-O-O $146 ({RR} 8... c6 9. Qxd5 Nxd5 10. a3 g6 11. Nb3 a5 12. d4 Bg7 13. e4 N5b6 14. Be3 Na4 15. O-O-O O-O 16. Kb1 f5 17. Bc4+ Kh8 18. Be6 Nf6 19. exf5 Ng4 20. fxg6 Nxf2 21. Bxf2 Rxf2 22. Rd2 Rxd2 23. Nxd2 {Mekhitarian,K (2537)-Martinez Reyes,P (2376) chess.com INT 2023 1-0 (34)}) 9. Qxd5 Nxd5 10. a3 e5 11. Nf3 Be7 12. b4 e4 13. Nd4 Bf6 14. Bb2 Kb8 15. Rc1 Ne5 16. Be2 Nd3+ 17. Bxd3 exd3 18. Ba1 Nf4 19. Rc4 Rhe8 20. g3 Ne2 21. Nxe2 Bxa1 22. Nf4 Bb2 23. a4 f5 24. h4 Re4 25. Rxe4 fxe4 26. O-O Rd6 27. Rb1 Be5 28. Kg2 Rc6 29. b5 Rc4 30. a5 Kc8 31. Nd5 Kd7 32. a6 b6 33. Nb4 Bd6 34. Nc6 Rc2 35. Rd1 Rb2 36. Nxa7 Ke6 37. Nc6 Ra2 38. Nd4+ Kd5 39. Nf5 Kc4 40. Rb1 1-0

[Event "Titled Tue 8th Aug Late"]
[Site "chess.com INT"]
[Date "2023.08.08"]
[Round "11"]
[White "Mekhitarian, K."]
[Black "Tari, A."]
[Result "1-0"]
[WhiteElo "2540"]
[BlackElo "2629"]
[PlyCount "57"]
[EventDate "2023.08.08"]

1. Nf3 c5 2. c4 Nc6 3. Nc3 g6 4. e3 Nf6 5. d4 cxd4 6. Nxd4 Bg7 7. Nc2 d6 8. Be2 O-O 9. O-O Nd7 ({RR} 9... Bf5 10. f3 d5 11. cxd5 Bxc2 12. Qxc2 Nxd5 13. Rd1 Ndb4 14. Qb3 Qb6 15. a3 Na6 16. Qxb6 axb6 17. Nd5 Rad8 18. Rb1 Nc5 19. Nxb6 Rxd1+ 20. Bxd1 Rd8 21. Be2 Nb3 22. Kf2 Ne5 23. Nc4 Rc8 24. Nxe5 {Dominguez Perez,L (2739)-Vachier Lagrave,M (2779) Chess.com INT 2018 0-1}) 10. e4 ({RR} 10. Rb1 Nc5 11. Bd2 Bf5 12. b4 Ne4 13. Nxe4 Bxe4 14. f3 Bf5 15. e4 Be6 16. Be3 Ne5 17. Na3 a5 18. b5 b6 19. f4 Bh6 20. Rb3 a4 21. Rc3 Bg7 22. fxe5 Bxe5 23. Bd4 f6 24. Bxe5 fxe5 {Cieslak,P (2373)-Janaszak,D (2308) chess.com INT 2024 1-0}) 10... Nc5 11. Bd2 $146 ({RR} 11. f3 f5 12. exf5 Bxf5 13. Be3 Bxc2 14. Qxc2 Nd4 15. Qd2 e5 16. Bd3 Nxd3 17. Qxd3 Qb6 18. b3 Rfe8 19. Rad1 Qa5 20. Rf2 Rad8 21. Nd5 Qc5 22. Re1 b5 23. Qe4 bxc4 24. Rc1 Qa5 25. b4 Qa4 {Schmoll,H (2115)-Heinert,E (2115) Niederrhein 2006 1-0 (38)}) 11... f5 12. exf5 Bxf5 13. Ne3 Be6 14. Rb1 Nd4 15. b4 Nd7 16. Ned5 Nb6 17. Bd3 Nxd5 18. Nxd5 Bxd5 19. cxd5 Qd7 20. Be3 Nf5 21. Bg5 h6 22. Bd2 Rac8 23. Qg4 Qe8 24. Rbe1 Bc3 25. Bxc3 h5 26. Qg5 Rxc3 27. Re6 Qf7 28. Bxf5 Qxf5 29. Rxg6+ 1-0

[Event "FIDE World Cup 2023"]
[Site "Baku AZE"]
[Date "2023.08.17"]
[Round "6.9"]
[White "Praggnanandhaa, R."]
[Black "Erigaisi, Arjun"]
[Result "1-0"]
[WhiteElo "2690"]
[BlackElo "2710"]
[PlyCount "143"]
[EventDate "2023.07.30"]
[EventType "k.o."]

1. Nf3 Nf6 2. b3 d5 3. Bb2 Bf5 4. g3 e6 5. Bg2 Be7 6. d3 h6 7. O-O O-O 8. Nbd2 a5 9. a3 Bh7 10. Ne5 ({RR} 10. c4 Nc6 11. cxd5 exd5 12. Rc1 Re8 13. Re1 Bf8 14. Rc2 Nb8 15. Qc1 c5 16. Rxc5 Bxc5 17. Qxc5 Nbd7 18. Qb5 Re6 19. Bh3 Rb6 20. Qa4 Nc5 21. Qd4 Nxb3 22. Nxb3 Rxb3 23. Nd2 Rb5 24. Nf1 Qb6 {Carlsen,M (2832)-Niemann,H (2733) Paris FRA 2024 1-0 (36)}) ({RR} 10. Re1 Na6 11. e4 Re8 12. Ne5 c6 13. exd5 cxd5 14. Ndf3 Qb6 15. Bh3 Bc5 16. Re2 Nb8 17. Qd2 Nbd7 18. Qf4 Bd6 19. g4 Qd8 20. g5 hxg5 21. Qxg5 Nxe5 22. Nxe5 Bf8 23. Qf4 Qe7 24. Kh1 Nd7 {Cheparinov,I (2646)-Kistrup,N (2356) Eforie Nord ROU 2025 1-0 (39)}) 10... Nbd7 11. Nxd7 $146 ({RR} 11. e4 c6 12. Re1 Nxe5 13. Bxe5 Qb6 14. Bb2 Rfe8 15. Qe2 Rad8 16. Kh1 Bg6 17. e5 Nd7 18. f4 a4 19. b4 c5 20. Reb1 cxb4 21. axb4 Qxb4 22. Ra2 b5 23. Ba1 Qa5 24. Nb3 Qa6 25. Nd4 b4 {Gavarrete,N (2323)-Cruz Lledo,P (2412) Montserrat 2022 ½-½ (80)}) 11... Qxd7 12. Nf3 c5 13. c4 a4 14. Ne5 Qc7 15. cxd5 exd5 16. bxa4 Qa5 17. Qb3 Qxa4 18. Bxd5 Nxd5 19. Qxd5 Qa6 20. a4 Rad8 21. Qf3 Bf6 22. Nc4 Bxb2 23. Nxb2 Rfe8 24. Nc4 Qe6 25. Ne3 b6 26. Rfc1 Ra8 27. Qf4 Ra5 28. Rcb1 Bg6 29. Rb2 Qc6 30. Rab1 Qxa4 31. Qxa4 Rxa4 32. Rxb6 Kh7 33. R1b2 Ra1+ 34. Kg2 Rc1 35. Rc6 Re5 36. Rc8 Bf5 37. Nxf5 Rxf5 38. f4 Rd5 39. Rc7 Rf5 40. Kf3 h5 41. Rb5 g6 42. e4 Rf6 43. Rbxc5 Rf1+ 44. Kg2 Rd1 45. Rd5 h4 46. Rdd7 Kg8 47. e5 Rf5 48. Kf3 hxg3 49. hxg3 Rf1+ 50. Kg2 Re1 51. Kf3 Rf1+ 52. Ke2 Rg1 53. Kf2 Rd1 54. e6 fxe6 55. Rg7+ Kf8 56. Rxg6 Rf7 57. Rc8+ Ke7 58. Rc6 Rf6 59. Rc7+ Kd6 60. Rxf6 Kxc7 61. Rxe6 Rxd3 62. Re3 Rd2+ 63. Kf3 Kd6 64. f5 Kd7 65. g4 Ra2 66. g5 Kd6 67. Kg4 Ra4+ 68. Kh5 Rf4 69. f6 Rf1 70. Kg6 Kd7 71. f7 Kd6 72. Kg7 1-0